Sets with applications /

Guardado en:
Autor Principal: Zehna, Peter W.
Formato: Libro
Idioma:English
Publicado: Boston : Allyn and Bacon, 1966.
Series:Allyn and Bacon series. Topics in contemporary mathematics.
Materias:
Etiquetas: Agregar Etiqueta
Sin Etiquetas, Sea el primero en etiquetar este registro!
LEADER 00867nam a22002295a 4500
001 MAT.inmabb004489
008 840921s1966####maua#####b####001#0#eng##
005 20151123142931.0
245 1 0 |a Sets with applications /  |c Peter W. Zehna. 
260 |a Boston :  |b Allyn and Bacon,  |c 1966. 
300 |a vi, 153 p. :  |b il. ;  |c 23 cm. 
490 1 |a The Allyn and Bacon series: topics in contemporary mathematics 
504 |a Bibliografía: p. 134. 
505 0 |a 1. Sets and classes -- 2. Relations and functions -- 3. Mathematical theory -- 4. Set algebra -- 5. Finite probability. 
510 4 |a MR,  |c 34 #5682 
100 1 |a Zehna, Peter W. 
830 0 |a Allyn and Bacon series.  |p Topics in contemporary mathematics. 
650 0 |a Set theory. 
084 |a 03Exx (03-01 60-01)  |2 msc2000 
010 |a  65028120  
040 |a DLC/ICU  |c ICU  |d DLC 
859 |h 03  |i Z44  |p A-2459  |b BIB. MATEMATICA